| 000 | 00655nam a2200241Ia 4500 | ||
|---|---|---|---|
| 003 | OSt | ||
| 005 | 20220918223828.0 | ||
| 006 | a|||||r|||| 00| 0 | ||
| 007 | ta | ||
| 008 | 220917b |||||||| |||| 00| 0 eng d | ||
| 024 | _a225,323 | ||
| 037 | _cTextual | ||
| 040 |
_aARTS _cARTS _beng |
||
| 041 |
_2eng _aeng |
||
| 082 | _aS8.2, P3 | ||
| 100 |
_aVindhya U Ed. _9146742 |
||
| 245 | 0 |
_aPsychology in India _b Intersecting crossroads |
|
| 260 |
_aNew Delhi _bConcept Publishing Company _c2003 |
||
| 300 |
_axxvi, 302p. _ccm. |
||
| 650 | _aSOCIAL PSYCHOLOGY | ||
| 942 |
_hS8.2, P3 _cTEXL _2CC |
||
| 999 |
_c279555 _d279555 |
||